| 000 | 00790nam a2200289 a 4500 | ||
|---|---|---|---|
| 003 | AR-BaBNM | ||
| 005 | 20251128210514.0 | ||
| 008 | 082120s2002 ||||||||||||||000 | spa|| | ||
| 020 | _a85-276-0701-8 | ||
| 040 | _cAR-BaBNM | ||
| 100 | 1 | _aZavaleta, Esther de | |
| 245 | 0 | 0 | _aEducaçao para a convivência |
| 250 | _a1ª ed. | ||
| 260 |
_aSao Paulo _bEditora Ave-María _c1999 |
||
| 300 | _a216 p. | ||
| 504 | _aContiene bibliografía | ||
| 650 | 4 | _aFINALIDADES DE LA EDUCACION | |
| 650 | 4 | _aFILOSOFIA DE LA EDUCACION | |
| 650 | 4 | _aEDUCACION PARA LA PAZ | |
| 650 | 4 | _aROL DEL DOCENTE | |
| 653 | _aEDUCACION PARA LA TOLERANCIA | ||
| 653 | _aEDUCACION EN LA DIVERSIDAD | ||
| 653 | _aTEMAS TRANSVERSALES | ||
| 653 | _aMETODOS EDUCATIVOS | ||
| 942 | _cBK | ||
| 998 | _cRaquel | ||
| 999 |
_c15722 _d15722 |
||